LEADER 01309nam a2200277 i 4500 001 991003066979707536 008 020101s1999 enk 00 eng d 020 $a8873034977$cEuro 45,45 035 $ab11749805-39ule_inst 040 $aDip.to Ingegneria dell'Innovazione$bita 082 0 $a005.75 100 1 $aWaymire, Richard$0530267 245 10$aSQL server 7.0 /$cRichard Waymire, Rick Sawtell 260 $aMilano :$bApogeo,$cc1999 300 $axxi, 777 p. :$bill. ;$c24 cm 490 0 $aGuida completa 500 $aTit. orig. Sams' teach yourself microsoft SQL server 7.0 in 21 days 650 4$aSpecifici sistemi di gestione di basi di dati - SQL server 7.0 700 1 $aSawtell, Rick$eauthor$4http://id.loc.gov/vocabulary/relators/aut$0735951 907 $a.b11749805$b04-05-22$c05-11-02 912 $a991003066979707536 945 $aLE026 005.75 WAY 01.01 C. 1 1999$cC.1$g1$i2026000012247$lle026$mTesto collocato sul pavimento.$nFondo GISI$o-$pE0.00$q-$rl$s- $t0$u8$v0$w8$x0$y.i11989816$z05-11-02 945 $aLE026 005.75 WAY 01.01 C. 2 1999$cC.2$g1$i2026000131863$lle026$mTesto collocato sul pavimento.$nFondo GISI$og$pE0.00$q-$rl$st $t0$u0$v0$w0$x0$y.i16008662$z04-05-22 996 $aSQL server 7.0$91454016 997 $aUNISALENTO 998 $ale026$b01-01-02$cm$da $e-$feng$gxx $h0$i1